00667nam a2200241 a 4500001001300000003000900013005001700022008004100039020001000080082001600090100001600106245004100122260002300163300000800186500003500194505001300229650002000242700001600262902000800278942000700286952011700293999001500410nice12345678IN_TiNIC20260116012616.0050524s1962 lona grp 000 0 eng  ac10000a246.7bTUR` aTurner, P W aThis Is the Word and Word Made Flesh aLondonbSpckc1962 a63p aincludes index and biblioraphy2 aappendix aChristian-Drama1 aTurner, P W bSRS cBK 001040708StackRoom-aHMIbHMId2007-07-05g100.00l0o246.7 TUR`p012223r2007-07-05v100.00w2005-05-24yBK c7652d7652